Sto důležitých věcí, které nevíte (a ani nevíte, že je nevíte) : matematika všedního dne /
Uložené v:
| Hlavný autor: | |
|---|---|
| Ďalší autori: | |
| Médium: | Kniha |
| Jazyk: | Czech English |
| Vydané: |
Praha :
Dokořán,
2013.
|
| Vydanie: | 1. vyd. v čes. jazyce |
| Témy: | |
| ISBN: |
9788073633486 ( Dokořán : viaz.) |
| Fyzický popis: |
301 s. : fotogr., il. ; 21 cm. |
| Tagy: |
Pridať tag
Žiadne tagy, Buďte prvý kto otaguje tento záznam!
|
Titul je dostupný aj v ... 

MARC
| LEADER | 00000nam a2200000 a 4500 | ||
|---|---|---|---|
| 001 | 000418921 | ||
| 005 | 20131001133540.0 | ||
| 008 | 130327s2013 xr ao e f 000 0 cze d | ||
| 020 | |a 9788073633486 ( Dokořán : viaz.) |z 97880720308224 (Argo : viaz.) | ||
| 040 | |a SVKKK |b slo |c SVKKK |e AACR2 | ||
| 041 | 1 | |a cze |h eng | |
| 044 | |a xr |c CZ | ||
| 072 | 7 | |a 51 |x Matematika |2 konspekt | |
| 080 | |a 51 |2 2001 | ||
| 080 | |a (0.062) |2 2001 | ||
| 100 | 1 | |a Barrow, John D., |d 1952- | |
| 240 | 1 | 0 | |a 100 essential things you didn´t know you didn´t know. |l Česky |
| 245 | 1 | 0 | |a Sto důležitých věcí, které nevíte (a ani nevíte, že je nevíte) : |b matematika všedního dne / |c John D. Barrow ; [z anglického originálu přeložil Jaroslav Drahoš]. |
| 250 | |a 1. vyd. v čes. jazyce | ||
| 260 | |a Praha : |b Dokořán, |c 2013. | ||
| 300 | |a 301 s. : |b fotogr., il. ; |c 21 cm. | ||
| 500 | |a Preklad z angl. orig. | ||
| 500 | |a Údaj o prekl. prevzatý z tiráže | ||
| 500 | |a Poznámky | ||
| 504 | |a Bibl. odkazy | ||
| 650 | 0 | 7 | |a matematika |2 SVKKKPH |
| 655 | 7 | |a populárno-náučné publikácie |2 SVKKKPH | |
| 700 | 1 | |a Drahoš, Jaroslav |4 trl | |
| 765 | 0 | |t 100 essential things you didn´t know you didn´t know. Česky |a Barrow, John D., 1952- | |
| 910 | |a svkkk | ||
| 919 | |a 978-80-7363-348-6 | ||
| 998 | |a BK | ||
| 090 | |g SCKHL |k Sklad Hlavná 10 prízemie |a III.226482 |j 1046436 |i 2720296479 |s Absenčne | ||